00406nam a22001337a 450000500170000000800410001704100120005808200130007010000130008324500350009626000860013130000290021765000260024620240520123130.0240520b |||||||| |||| 00| 0 eng d aEnglish a349 LAW  lEnglish  aThe Law Reports: Appeal Cases  aLondon: bThe Incorporated Council of Law Reporting for England and Wales, c1947 bxi, 653 pages; c25 cm.  aLegal practice bLaw